フジテレビへのCM差し替え企業 - Statistics

General Stats
  • This quiz has been taken 89 times
  • The average score is 32 of 114
Answer Stats
最初の文字 企業名 業種 % Correct
日本生命 保険業
85%
明治 食品業
82%
スズキ 自動車
78%
花王 化学、日用消費財
77%
トヨタ自動車 自動車
75%
三菱自動車 自動車
74%
サントリー 飲料、食品
71%
日産自動車 自動車
69%
積水ハウス 不動産
68%
三菱電機 電機・電子
66%
資生堂 化粧品
66%
ヤクルト 飲料、食品
65%
任天堂 エンターテイメント
65%
明治安田生命 保険業
63%
K KDDI 通信業
63%
ホンダ 自動車
62%
J JR東日本 交通・運輸
60%
三井不動産 不動産
58%
マツダ 自動車
58%
味の素 食品業
54%
楽天 IT、通信業
54%
住友不動産 不動産
51%
佐川急便 物流業
51%
住友生命 保険業
49%
ソフトバンク 通信業
49%
イオン 小売業
48%
キリン 飲料、食品
46%
リクルート 人材・サービス
46%
塩野義製薬 製薬業
46%
不二家 食品業
45%
N NTT東日本 通信業
45%
東京電力 エネルギー
43%
スバル 自動車
43%
伊藤園 飲料業
43%
ロッテ 食品業
42%
出光興産 エネルギー
38%
ダイハツ工業 自動車
37%
日本たばこ産業 タバコ、食品
35%
三井住友銀行 金融業
35%
三菱地所 不動産
34%
E ECC 教育、語学
34%
ローソン 小売業
32%
日清食品 食品業
29%
永谷園 食品業
29%
九州電力 エネルギー
28%
四国電力 エネルギー
28%
第一生命 保険業
28%
J JR九州 交通・運輸
28%
北海道電力 エネルギー
26%
P P&G 日用消費財
26%
セブン&アイ 小売業
25%
東急不動産 不動産
25%
大正製薬 製薬業
25%
はなさく生命 保険業
23%
大同生命 保険業
23%
メルセデス・ベンツ 自動車
23%
ライオン 日用消費財
23%
オリエンタルランド エンターテイメント
22%
太陽生命 保険業
22%
キッコーマン 食品業
22%
西 西日本鉄道 交通・運輸
22%
ソニー損保 保険業
20%
大和ハウス 不動産
20%
アサヒビール 飲料、食品
20%
興和 製薬業
20%
ユニ・チャーム 日用消費財
18%
第一三共ヘルスケア 製薬業
18%
アフラック生命 保険業
17%
ハウス食品 食品業
17%
クボタ 機械・重工業
17%
戸田建設 建設業
17%
サッポロビール 飲料、食品
15%
松井証券 金融業
14%
大和証券 金融業
14%
アコム 金融業
12%
オリックス生命 保険業
12%
日本郵政 物流、金融
12%
東急リバブル 不動産
12%
U Uber Eats 配送、IT
11%
アイ アイリスオーヤマ 日用消費財
9%
九電工 エネルギー
9%
日本マクドナルド 飲食業
9%
大塚 製薬業
9%
東洋水産 食品業
9%
青山商事 小売業
8%
なないろ生命 保険業
6%
日本コカ・コーラ 飲料、食品
6%
メルカリ IT
6%
ブルボン 食品業
6%
エーザイ 製薬業
6%
S SBI損保 保険業
6%
アリナミン製薬 製薬業
5%
サイボウズ IT
5%
ミツカン 食品業
5%
J JRA 公共・団体
5%
T TOTO 製造業
5%
キユーピー 食品業
3%
大東建託 不動産
3%
イーデザイン損保 保険業
3%
ダスキン サービス業
3%
ヨークベニマル 小売業
3%
よつ葉乳業 食品業
3%
M MS&AD 保険業
3%
コスモエネルギー エネルギー
2%
ウェルスナビ 金融・投資
2%
西 西部ガス エネルギー
2%
ふくおかファイナンシャル 金融業
2%
東京海上日動あんしん生命 保険業
2%
ヤマダデンキ 小売業
2%
ジャパネット 小売業
2%
I INPEX エネルギー
2%
N NTTグループ 通信業
2%
ディップ IT
0%
A Apple テクノロジー
0%
No matching quizzes found
Score Distribution
Percent of People with Each Score
Percentile by Number Answered
Your Score History
You have not taken this quiz